书目信息 |
| 题名: |
数学考研历年真题分类解析
|
|
| 作者: | 武忠祥 主编 | |
| 分册: | 考点分析·应试技巧·解题训练 | |
| 出版信息: | 西安 西安交通大学出版社 2005.03 |
|
| 页数: | 232页 | |
| 开本: | 26cm | |
| 丛书名: | 数学考研系列 | |
| 单 册: | ||
| 中图分类: | O13-44 | |
| 科图分类: | ||
| 主题词: | 高等数学--研究生--入学考试--解题 | |
| 电子资源: | ||
| ISBN: | 7-5605-1960-1 | |
| 000 | 01159nam 2200289 450 | |
| 001 | 010249578078 | |
| 005 | 20050926094057.80 | |
| 010 | @a7-5605-1960-1@dCNY24.40 | |
| 100 | @a20050606d2005 km y0chiy0120 ea | |
| 101 | 0 | @achi |
| 102 | @aCN@b610000 | |
| 105 | @aa z 000yy | |
| 200 | 1 | @a数学考研历年真题分类解析@Ashu xue kao yan li nian zhen ti fen lei jie xi@e1987~2005@e2006版@e数学二@i考点分析·应试技巧·解题训练@f武忠祥主编@Fwu zhong xiang zhu bian |
| 210 | @a西安@c西安交通大学出版社@d2005.03 | |
| 215 | @a232页@c图@d26cm | |
| 225 | 2 | @a数学考研系列 |
| 314 | @a武忠祥,男,西安交通大学理学院教授,著有《大学数学教程》、《高等数学典型题》等。 | |
| 330 | @a本书是一部高等数学课程研究生入学考试解题指导,内容包括:填空题的求解方法与技巧、选择题的解题方法和技巧等。 | |
| 333 | @a大专院校相关专业师生 | |
| 410 | 0 | @12001 @a数学考研系列 |
| 517 | 1 | @a考点分析·应试技巧·解题训练@Akao dian fen xi·ying shi ji qiao·jie ti xun lian |
| 517 | 1 | @a数学二@Ashu xue er |
| 606 | 0 | @a高等数学@x研究生@x入学考试@x解题 |
| 690 | @aO13-44@v4 | |
| 701 | 0 | @a武忠祥@Awu zhong xiang@4主编 |
| 801 | 0 | @aCN@bQSSK@c20050926 |
| 905 | @a10447@dO13-44@eW991 | |
| 数学考研历年真题分类解析:1987~2005:2006版:数学二.考点分析·应试技巧·解题训练/武忠祥主编.-西安:西安交通大学出版社,2005.03 |
| 232页:图;26cm.-(数学考研系列) |
| 使用对象:大专院校相关专业师生 |
| ISBN 7-5605-1960-1:CNY24.40 |
| 本书是一部高等数学课程研究生入学考试解题指导,内容包括:填空题的求解方法与技巧、选择题的解题方法和技巧等。 |
| ● |
| 相关链接 |
|
|
|
正题名:数学考研历年真题分类解析
索取号:O13-44/W991
 
预约/预借
| 序号 | 登录号 | 条形码 | 馆藏地/架位号 | 状态 | 备注 |
| 1 | 527411 | 205274111 | 自科库401/401自科库 70排1列4层/ [索取号:O13-44/W991] | 在馆 | |
| 2 | 527412 | 205274120 | 自科库401/401自科库 70排1列4层/ [索取号:O13-44/W991] | 在馆 | |
| 3 | 527413 | 205274139 | 自科库401/401自科库 70排1列4层/ [索取号:O13-44/W991] | 在馆 |